000
00257nam a22000977a 4500
999
_c
11715
_d
11715
008
200110b ||||| |||| 00| 0 eng d
020
_a
9780439744058
100
_a
Capucilli Satin Alyssa
_9
7407
245
_a
Bathtime for Biscuit
260
_a
New York
_b
Scholastic